Posicionamiento laboral de los egresados del programa de Instrumentación Quirúrgica de la Corporación Universitaria Rafael Núñez : (Registro nro. 4614)
[ vista simple ]
| 000 -LEADER | |
|---|---|
| fixed length control field | 02849nam a2200277 4500 |
| 005 - DATE AND TIME OF LATEST TRANSACTION | |
| control field | 20250329165444.0 |
| 008 - FIXED-LENGTH DATA ELEMENTS--GENERAL INFORMATION | |
| fixed length control field | 190415s2023 000 0 eng d |
| 040 ## - CATALOGING SOURCE | |
| Original cataloging agency | CO-CtgCURN |
| Language of cataloging | spa |
| Transcribing agency | coctgcurn |
| 082 0# - DEWEY DECIMAL CLASSIFICATION NUMBER | |
| Classification number | INQ 2023 |
| Item number | C824 |
| 100 1# - MAIN ENTRY--PERSONAL NAME | |
| Personal name | Correa Cosme, Heidy Vanessa. |
| 245 10 - TITLE STATEMENT | |
| Title | Posicionamiento laboral de los egresados del programa de Instrumentación Quirúrgica de la Corporación Universitaria Rafael Núñez : |
| Remainder of title | Entre el I-P DE 2019 AL ll-P 2022 / |
| Statement of responsibility, etc. | Heidy Vanessa Correa Cosme; Valeria Johana Berrio Rhenals; Jhandris Carolina Buelvas Pérez; Angelica María Cárdenas Cancino; asesor: Paola Acevedo Calvo; asesor: Álvaro Quintana Salcedo; asesor: Jaime Lorduy Gómez. |
| 260 ## - PUBLICATION, DISTRIBUTION, ETC. | |
| Place of publication, distribution, etc. | Cartagena de Indias : |
| Name of publisher, distributor, etc. | Corporación Universitaria Rafael Nuñez, |
| Date of publication, distribution, etc. | 2023. |
| 300 ## - PHYSICAL DESCRIPTION | |
| Extent | 81 hojas. |
| 504 ## - BIBLIOGRAPHY, ETC. NOTE | |
| Bibliography, etc. note | Trabajo de grado (Instrumentación quirúrgica). Corporación Universitaria Rafael Nuñez. Facultad de Ciencias de la Salud. Instrumentación Quirúrgica, 2023. |
| 520 ## - SUMMARY, ETC. | |
| Summary, etc. | "Uno de los fines de esta investigación es la caracterización actual del egresado del programa de instrumentación quirùrgica, de acuerdo a su condición social y laboral, teniendo en cuenta sus áreas de desempeño. La Instrumentación Quirúrgica es una profesión del área de la salud, reglamentada por la Ley 784 de 2002, cuyo ejercicio requiere título de idoneidad universitaria, basada en una formación científica, técnica y humanística, docente e investigativa y cuya función es la planeación organización, dirección, ejecución supervisión y evolución de las actividades que competen al Instrumentador Quirúrgico Profesional como parte integral del equipo de salud. Brinda atención segura al paciente quirúrgico dentro y fuera del quirófano, mediante la aplicación de conocimientos científicos, técnicos y tecnolgicos en intervenciones invasivas y no invasivas, procesos de esterilización, aplicación de normas universales de bioseguridad, salud pública, saneamiento ambiental, planeación, organización, administración del talento humano, del recurso físico y técnolgico enmarcados dentro de las normas y principios Éticos, orientados hacia el servicio social." |
| 650 #0 - SUBJECT ADDED ENTRY--TOPICAL TERM | |
| Topical term or geographic name entry element | Instrumentación quirúrgica |
| Form subdivision | Tesis y disertaciones academicas. |
| 700 1# - ADDED ENTRY--PERSONAL NAME | |
| Personal name | Berrio Rhenals, Valeria Johana. |
| 700 1# - ADDED ENTRY--PERSONAL NAME | |
| Personal name | Buelvas Pérez, Jhandris Carolina. |
| 700 1# - ADDED ENTRY--PERSONAL NAME | |
| Personal name | Cárdenas Cancino, Angelica María . |
| 700 1# - ADDED ENTRY--PERSONAL NAME | |
| Personal name | Acevedo Calvo, Paola, |
| Relator term | director. |
| 700 1# - ADDED ENTRY--PERSONAL NAME | |
| Personal name | Quintana Salcedo, Álvaro , |
| Relator term | asesor. |
| 700 1# - ADDED ENTRY--PERSONAL NAME | |
| Personal name | Lorduy Gómez, Jaime, |
| Relator term | asesor. |
| 856 ## - ELECTRONIC LOCATION AND ACCESS | |
| Uniform Resource Identifier | <a href="https://unicurn.sharepoint.com/:b:/s/biblioteca/EZMhupd6FANPg6vj_NZlHKYBWpAhaKIvS7yXNsqytQkfjQ?e=WWmSbH">https://unicurn.sharepoint.com/:b:/s/biblioteca/EZMhupd6FANPg6vj_NZlHKYBWpAhaKIvS7yXNsqytQkfjQ?e=WWmSbH</a> |
| Public note | Click aqui para ver el recurso en texto completo |
| 942 ## - ADDED ENTRY ELEMENTS (KOHA) | |
| Source of classification or shelving scheme | Dewey Decimal Classification |
| Koha item type | Trabajos de grado |
| Classification part | INQ 2023 |
| Item part | C824 |
| Withdrawn status | Lost status | Source of classification or shelving scheme | Damaged status | Not for loan | Collection | Home library | Current library | Shelving location | Date acquired | Source of acquisition | Cost, normal purchase price | Inventory number | Total checkouts | Full call number | Barcode | Date last seen | Price effective from | Koha item type |
|---|---|---|---|---|---|---|---|---|---|---|---|---|---|---|---|---|---|---|
| Dewey Decimal Classification | Trabajos de grado | Miguel Henríquez Emiliani | Miguel Henríquez Emiliani | Trabajo de grado | 06/01/2019 | El autor | 350000.00 | 025112 | INQ 2023 C824 | 025112 | 06/20/2019 | 06/20/2019 | Trabajos de grado |